[Event "67th Warsaw-ch A 2018"]
[Site "Warsaw"]
[Date "2018.11.18"]
[Round "8"]
[White "Pietruszewski, Marcin"]
[Black "Deszczynski, Adam"]
[Result "1/2-1/2"]
[WhiteElo "2242"]
[BlackElo "2315"]
[Annotator "TA"]
[PlyCount "105"]
[EventDate "2018.11.12"]
[EventCountry "POL"]
[SourceTitle "playchess.com"]
[Source "ChessBase"]
[SourceQuality "1"]

{[%evp 10,105,2,-6,-6,-3,0,0,-4,-10,8,-11,-18,-17,-16,-18,-29,-20,0,0,0,0,20,-17,-13,-49,-23,-39,-41,-30,-13,-25,-19,-60,-57,-55,-45,-106,-106,-105,-97,-95,-97,-97,-101,-114,-106,-110,-113,-107,-20,-18,0,0,0,0,0,0,0,0,0,0,0,0,0,0,0,0,0,0,0,0,0,0,0,-16,-25,-328,0,0,0,0,0,0,0,0,0,0,0,0,0,-1174,-1174,-916,0,0,0,-317]} 1. e4 e6 2. d4 d5 3. Nc3 Bb4 4. e5 Ne7 5. Bd2 b6 6. a3 Bxc3 $1 {C16: French: 3 Nc3 Bb4 4 e5: Lines without ...c5} 7. Bxc3 Ba6 8. Bxa6 Nxa6 9. Qg4 Nf5 10. Nf3 c5 11. dxc5 $146 ({Predecessor:} 11. O-O Rc8 12. dxc5 Nxc5 13. Nd4 h5 14. Qe2 g6 15. Rfd1 Qd7 16. Nxf5 gxf5 {½-½ (60) Haimovich,T (2447)-Rozentalis,E (2567) Israel 2008}) 11... Nxc5 12. Nd4 h5 13. Qe2 Nxd4 14. Bxd4 Rc8 {[%cal Ba8c8,Bc8c7,Bc7c4][%mdl 32]} 15. O-O Qh4 16. Rfd1 O-O 17. f3 Rc7 18. a4 Nb7 19. b4 Rfc8 20. c3 Rc4 21. a5 bxa5 22. bxa5 Nc5 23. Rdb1 (23. Ra3 $15) 23... Na4 $1 $17 24. Qf2 Qxf2+ 25. Kxf2 Nxc3 26. Bxc3 Rxc3 {[%mdl 4096] Endgame KRR-KRR} 27. a6 h4 28. Rb7 Rc2+ 29. Kf1 h3 (29... Rd2 $1 $17 30. Rxa7 Rcc2) 30. gxh3 $11 Rxh2 {Threatens to win with ...Rh1+.} 31. Kg1 Rcc2 32. Rxa7 g5 33. Rb7 Rcg2+ 34. Kf1 Ra2 35. Rxa2 Rxa2 {KR-KR} 36. a7 Kg7 37. Ke1 Kg6 38. Kd1 Kf5 39. Rxf7+ Kxe5 40. Kc1 Kd4 41. Kb1 Ra5 42. f4 gxf4 43. Rxf4+ $2 {[%mdl 8192] [#]} (43. h4 $1 $11 {and White is okay.} f3 44. h5) 43... Kc3 $2 (43... Ke3 $1 $19 {[%cal Re3f4]} 44. Rf7 e5) 44. Rf3+ Kc4 45. Rf7 {Black must now prevent h4.} d4 {[%cal Bd5d4,Bd4d3,Bd3d2][%mdl 32]} 46. h4 {h5! is the strong threat.} d3 {[#]} 47. h5 $1 {[%mdl 512] Strongly threatening h6.} d2 (47... Rxh5 48. a8=Q) 48. Kc2 Ra2+ 49. Kd1 Kd3 {[%cal Ra2a1]} 50. Rd7+ $2 {[%mdl 8192]} (50. Rf3+ $11 Ke4 51. Rh3 (51. Rf7 $2 Ke3 $19) 51... Rxa7 52. Kxd2) 50... Ke3 $19 51. h6 {[#]} Ra1+ $2 (51... e5 $1 $19 52. Rd8 Rxa7) 52. Kc2 $11 {And now Rd3+ would win.} Ra2+ $2 {[%mdl 8192]} (52... Rc1+ $11 53. Kb3 Rc7 54. Rxd2 Rxa7) 53. Kd1 {[%mdl 32768] Accuracy: White = 54%, Black = 69%. . An unexpected result.} 1/2-1/2

[Event "67th Warsaw-ch A 2018"]
[Site "Warsaw"]
[Date "2018.11.18"]
[Round "8"]
[White "Wiech, Grzegorz"]
[Black "Jakubowski, Krzysztof"]
[Result "1/2-1/2"]
[WhiteElo "2238"]
[BlackElo "2510"]
[Annotator "TA"]
[PlyCount "148"]
[EventDate "2018.11.12"]
[EventCountry "POL"]
[SourceTitle "playchess.com"]
[Source "ChessBase"]
[SourceQuality "1"]

{[%evp 17,148,4,16,-35,-11,-41,0,0,0,0,0,0,0,0,0,0,-2,-4,-2,-8,-6,-28,0,0,-5,-6,-6,-8,0,0,0,0,0,0,8,1,30,0,0,0,0,-8,0,0,-3,-23,0,0,0,0,0,0,0,0,0,0,0,0,0,0,0,0,0,0,0,-2,-2,-2,-2,0,-2,-3,0,0,0,0,0,0,0,0,0,0,0,0,0,0,0,0,0,0,0,0,0,0,0,0,0,0,0,0,0,0,0,0,0,0,0,0,0,0,0,0,0,0,0,0,0,0,0,0,0,0,0,0,0,0,0,0,0,0,0,0,0]} 1. e4 d6 2. d4 Nf6 3. Nc3 g6 4. f4 Bg7 5. e5 dxe5 6. dxe5 Qxd1+ 7. Kxd1 Ng4 8. Nd5 Kd8 9. Ke1 c6 {LiveBook: 5 Games} (9... Be6 $5 {[%cal Re6d5]} 10. Nc3 Nc6 $11) 10. Ne3 {B09: Pirc Defence: Austrian Attack} (10. Nc3 $11) (10. Nc3 Nh6 11. Nf3 Rf8 12. Be3 f6 13. Rd1+ Kc7 14. Bc5 Re8 15. exf6 exf6+ 16. Be2 b6 17. Bd6+ Kb7 18. Ba3 Ng4 19. Rd2 Bh6 20. g3 Ne3 21. Kf2 g5 22. Bd3 Bh3 {½-½ (22) Robulj,N (2298)-Sredojevic,I (2416) Kragujevac 2015}) 10... f6 $15 11. exf6 $146 ({Predecessor:} 11. Nf3 fxe5 12. Nxg4 Bxg4 13. Nxe5 Be6 14. Bc4 Bxc4 15. Nxc4 Nd7 16. a4 Kc7 17. Kf2 e5 {1-0 (46) Ahmed,A (2279)-Maasarani,M (2052) Abu Dhabi 2016}) 11... Bxf6 12. c3 e5 13. Nxg4 Bxg4 14. Be2 Bxe2 15. Nxe2 Nd7 16. Rf1 Kc7 17. fxe5 Bxe5 18. Bf4 Rhe8 19. Rd1 Nc5 20. Bxe5+ Rxe5 21. Rf7+ Kb6 22. Rd2 h5 23. Kd1 Rae8 24. Nc1 Re1+ 25. Kc2 Rg1 26. Nb3 Ne4 27. Re2 {[#]} Nf6 $1 {[%mdl 512]} 28. Rd2 (28. Rxf6 Rxe2+) 28... Nd5 29. g3 a5 30. a4 Ne3+ 31. Kd3 {[#] Re2 is the strong threat.} Ng4 32. Kc2 {The position is equal.} Rh1 33. Rg7 Rxh2 34. Rxh2 Nxh2 35. Rxg6 $11 {[%mdl 4096] Endgame KRN-KRN} Re2+ 36. Kb1 Nf3 37. Rf6 Ne1 {White must now prevent ...Nd3.} (37... Ne5 {is interesting.} 38. Re6 Re3 39. Nd2 Kc5 40. Rh6 Kd5) 38. Nc1 Re5 39. Rf2 Kc5 40. Rd2 Rg5 41. Nd3+ Nxd3 42. Rxd3 {KR-KR} Rg4 43. b3 b5 44. axb5 Kxb5 45. Kb2 a4 46. Ka3 axb3 47. Kxb3 Kc5 48. Rf3 Rg5 49. Rf4 Kb5 50. Rb4+ Kc5 51. Rf4 Kd6 52. Rf6+ Kd5 53. Rf4 Ke6 54. Rc4 c5 55. Ka4 Kd6 56. Kb5 Rxg3 57. Rxc5 h4 58. Rh5 h3 59. Rh6+ Ke5 60. c4 Rb3+ 61. Kc6 Kf4 62. c5 Kg3 63. Kd6 Rd3+ 64. Kc7 Rd4 65. Rxh3+ Kxh3 {KR-KP} 66. c6 Kg4 67. Kb7 Rb4+ 68. Ka7 Rc4 69. Kb7 Kf5 {( -> ...Ke6)} 70. c7 Rb4+ 71. Kc6 Rc4+ 72. Kd7 Kf6 73. c8=Q Rxc8 74. Kxc8 Ke5 {Precision: White = 82%, Black = 62%.} 1/2-1/2

[Event "67th Warsaw-ch A 2018"]
[Site "Warsaw"]
[Date "2018.11.18"]
[Round "8"]
[White "Sanz Wawer, Daniel"]
[Black "Maj, Pawel"]
[Result "1/2-1/2"]
[WhiteElo "2192"]
[BlackElo "2064"]
[Annotator "TA"]
[PlyCount "86"]
[EventDate "2018.11.12"]
[EventCountry "POL"]
[SourceTitle "playchess.com"]
[Source "ChessBase"]
[SourceQuality "1"]

{[%evp 24,86,18,10,46,44,61,39,77,69,69,67,85,41,47,54,58,41,45,0,0,0,39,47,64,44,110,110,164,121,116,116,120,13,18,0,0,6,16,22,81,84,83,87,87,63,52,33,33,33,38,21,21,17,17,0,0,0,0,0,0,0,15,12,10]} 1. d4 Nf6 2. c4 g6 3. f3 Bg7 4. e4 d6 5. Nc3 O-O 6. Nge2 a6 7. Be3 Nc6 8. Qd2 Na5 {E83: King's Indian: Sämisch Panno (6...Nc6): Lines without either Nge2 or Qd2} 9. Nc1 (9. b3 b5 10. cxb5 axb5 11. Rc1 c6 12. Ng3 h5 13. Bd3 e5 14. Nge2 b4 15. Na4 exd4 16. Bxd4 {0-1 (23) Topalov,V (2760)-Nakamura,H (2779) Saint Louis 2016}) 9... Nd7 10. b4 Nc6 11. Rb1 e5 12. d5 Nd4 13. N1e2 {[%cal Re2d4] LiveBook: 13 Games} Nxe2 (13... a5 {keeps more tension.} 14. b5 Nxe2 15. Bxe2 b6 16. Bd3 f5) 14. Bxe2 f5 15. c5 Nf6 16. O-O {[#]} f4 $146 17. Bf2 g5 18. cxd6 cxd6 19. b5 g4 20. bxa6 bxa6 21. Na4 g3 $1 {[%cal Rg3f2]} 22. hxg3 fxg3 (22... Nh5 $5 {[%cal Rf4g3]} 23. gxf4 Nxf4 $16) 23. Bxg3 {Strongly threatening Qg5.} Nh5 $1 {[%cal Rh5g3]} 24. Bh2 {Black must now prevent Nb6.} Qf6 ({Black should try} 24... Bf6 $1 $14) 25. Nb6 Ra7 (25... Rb8 $16) 26. Nxc8 Rxc8 27. f4 Nxf4 {[#]} 28. Bxf4 (28. Bg4 $1 $16 {[%cal Rg4c8]} Rf8 29. Bf5) 28... exf4 $11 29. Qxf4 (29. Rbd1 {looks sharper.} Qg6 30. Qxf4 Be5 31. Qe3 Rac7 32. Qh3) 29... Qxf4 30. Rxf4 a5 31. Bg4 Rf8 (31... Bd4+ $11 {remains equal.} 32. Kf1 Rca8) 32. Be6+ $16 Kh8 33. Rxf8+ Bxf8 {[%mdl 4096] Endgame KRB-KRB} 34. Rb8 Kg7 35. a4 Be7 36. Kf2 Bf6 37. Ke3 Be5 {The position is equal.} 38. Kd3 Rc7 39. Rb5 Rc3+ 40. Ke2 Rc2+ 41. Kd1 Rxg2 42. Rxa5 Bd4 43. Ra8 {[#] aiming for Rg8+.} Kf6 {Precision: White = 38%, Black = 62%.} 1/2-1/2

[Event "67th Warsaw-ch A 2018"]
[Site "Warsaw"]
[Date "2018.11.18"]
[Round "8"]
[White "Maciaga, Marcin"]
[Black "Liberadzki, Slawomir"]
[Result "1-0"]
[WhiteElo "2164"]
[BlackElo "1959"]
[Annotator "TA"]
[PlyCount "61"]
[EventDate "2018.11.12"]
[EventCountry "POL"]
[SourceTitle "playchess.com"]
[Source "ChessBase"]
[SourceQuality "1"]

{[%evp 18,61,20,20,23,9,28,-6,37,3,12,-41,14,-3,9,0,43,46,201,197,275,259,454,460,466,445,490,514,500,491,562,560,667,665,630,479,644,647,1054,1030,29981,10630,29992,29993,29994,29995]} 1. c4 e5 2. Nc3 Nc6 3. Nf3 Nf6 4. g3 g6 5. Bg2 Bg7 6. O-O O-O 7. d3 d6 8. Rb1 Be6 9. b4 {A26: English Opening vs King's Indian with ...Nc6 and d3} Qc8 (9... h6 10. b5 Ne7 11. a4 Qd7 12. Ba3 Rfe8 13. Nd2 Rab8 14. a5 b6 15. Nde4 Nh7 16. axb6 axb6 17. Bb2 f5 18. Nd2 Nf6 19. Ra1 d5 20. cxd5 Nexd5 21. Nxd5 Bxd5 22. Bxd5+ Qxd5 {1-0 (74) Nepomniachtchi,I (2705)-Nakamura,H (2816) Baku 2015}) 10. b5 {LiveBook: 3 Games} Nd8 11. Re1 {White has an edge.} Bh3 12. Bh1 $146 ({Predecessor:} 12. Nd5 Nxd5 13. Bxh3 Qxh3 14. cxd5 Qd7 15. Bd2 f5 16. Qc2 Nf7 17. Rb4 Rfc8 18. Rc1 {1-0 (39) Brunori,G-Crnilovic,G ICCF email 2006}) 12... Ne6 13. a4 Ng4 14. Nd5 (14. Ng5 $11 Nxg5 15. Bxg5) 14... Qd7 ({Black should play} 14... Qd8 $15) 15. a5 f5 16. b6 $36 {[%mdl 2048] White has good play.} axb6 (16... cxb6 {feels hotter.} 17. axb6 h6 18. bxa7 Rxa7 19. Bg2 Bxg2 20. Kxg2 Nf6) 17. axb6 f4 $2 {[#]} (17... c6 $14 18. Nc7 Nxc7 19. bxc7 h6) 18. bxc7 $18 fxg3 (18... Kh8 $142 19. Rxb7 Qc6) 19. hxg3 ({Don't take} 19. fxg3 $6 Qe8 $18) 19... Qf7 $2 (19... Rac8 20. Rxb7 Nc5) 20. Rxb7 Rac8 {and the idea ...e4 leaves Black hopeful.} 21. Ba3 Nc5 22. Bxc5 dxc5 23. Bg2 Bxg2 24. Kxg2 g5 25. Rf1 h6 26. Qb3 e4 27. dxe4 Bd4 28. Rb8 {[%cal Bb7b8,Bb8c8,Bc8f8][%mdl 32]} Nxf2 29. Rxc8 Qh5 30. Rxf8+ Kg7 31. c8=Q {Accuracy: White = 58%, Black =  9%.} 1-0

[Event "67th Warsaw-ch A 2018"]
[Site "Warsaw"]
[Date "2018.11.18"]
[Round "8"]
[White "Praczukowski, Stanislaw"]
[Black "Sliwerski, Radoslaw"]
[Result "1-0"]
[WhiteElo "2140"]
[BlackElo "1999"]
[Annotator "TA"]
[PlyCount "193"]
[EventDate "2018.11.12"]
[EventCountry "POL"]
[SourceTitle "playchess.com"]
[Source "ChessBase"]
[SourceQuality "1"]

{[%evp 13,193,13,18,14,20,20,19,20,33,24,46,41,41,39,42,53,55,47,44,25,52,42,51,42,46,20,19,31,70,17,15,17,18,30,84,77,114,112,118,91,89,89,94,43,43,28,30,30,36,41,38,15,48,49,64,59,70,54,54,56,83,81,90,84,87,94,79,72,74,33,54,0,0,0,0,0,0,0,0,-18,0,0,0,0,0,0,0,0,0,0,0,0,0,0,0,0,0,0,0,0,0,0,0,0,0,0,0,0,0,0,0,0,0,0,0,0,0,0,0,0,0,0,0,0,0,0,0,0,0,0,0,0,0,0,0,0,0,0,0,0,0,0,0,0,0,0,0,0,0,0,0,0,0,0,0,0,0,0,0,0,0,0,0,0,0,0,0,0,0,0,8,8,29982,29983,29983,29983,29983,29983,29985,29986,29986,29987]} 1. d4 Nf6 2. c4 e6 3. Nf3 d5 4. g3 dxc4 5. Bg2 Nc6 6. Qa4 Bb4+ 7. Bd2 Nd5 8. Qb5 {E04: Open Catalan: 5 Nf3} (8. Bxb4 Ndxb4 9. O-O Rb8 10. Na3 O-O 11. Qb5 b6 12. Qxc4 Ba6 13. Nb5 Qe8 14. Rfc1 Nd5 15. Qxc6 Qxc6 16. Rxc6 Bxb5 17. Rc2 Rfc8 {½-½ (33) So,W (2780)-Caruana,F (2822) Saint Louis 2018}) 8... O-O 9. Qxc4 Nb6 10. Qd3 {The position is equal.} Re8 $146 ({Predecessor:} 10... e5 11. Bxb4 Nxb4 12. Qd2 a5 13. a3 Nc6 14. dxe5 Qe7 15. O-O Rd8 16. Qf4 Nd5 17. Qe4 Nf6 18. Qf4 Nd5 19. Qe4 Nf6 20. Qf4 Nd5 {½-½ (20) Prohaszka,P (2591)-Kriebel,T (2445) Germany 2016}) 11. O-O Bxd2 12. Qxd2 e5 13. dxe5 Qxd2 14. Nfxd2 Nxe5 15. Nc3 c6 16. b4 Bg4 17. h3 Be6 18. Nde4 Nd5 19. b5 Nxc3 20. Nxc3 Rad8 21. Rfd1 (21. f4 $14 Nd7 22. bxc6 bxc6 23. Rad1) 21... cxb5 $11 22. Nxb5 Rxd1+ 23. Rxd1 Bxa2 (23... g6 $11) 24. Ra1 $16 Bb3 25. Rxa7 b6 26. Rb7 Nc4 27. Nd4 Ba2 28. Ra7 (28. g4 $16) 28... Na5 $14 29. Nc6 h6 30. e3 {[%cal Be2e3,Be3e4][%mdl 32]} Nxc6 $1 31. Rxa2 $11 {[%mdl 4096] Endgame KRB-KRN} Na5 32. Bd5 Kf8 33. e4 Rb8 34. Kf1 Nb7 35. Ra7 Nd8 $1 36. Ke2 Ne6 37. f4 {[%cal Bf2f4,Bf4f5][%mdl 32]} b5 38. f5 Nd8 39. e5 Rb6 40. Ke3 {[#] Threatens to win with Ra8.} b4 41. Bb3 {Hoping for Rd7.} Rc6 {aiming for ...Rc3+.} 42. Ba4 ({Better is} 42. Kf4 $14) 42... Rc3+ 43. Ke4 b3 44. Rd7 Rc4+ 45. Kd5 Rxa4 46. Rxd8+ {KR-KR} Ke7 47. Rb8 Ra5+ 48. Ke4 Ra4+ 49. Kf3 Ra5 50. Rb7+ Ke8 51. Ke4 Ra4+ 52. Kd5 Ra5+ 53. Kd4 Ra4+ 54. Kd5 Ra5+ 55. Kd6 {[%cal Rb7b8]} Ra6+ 56. Kc7 b2 57. Rxb2 Ra3 58. f6 gxf6 59. exf6 {[%cal Rb2b8]} Rc3+ 60. Kd6 Rd3+ 61. Kc6 Rc3+ 62. Kd6 {White wants to mate with Rb8+.} Rd3+ 63. Ke5 Rxg3 64. Rb8+ Kd7 65. Rb7+ Ke8 66. Rb8+ Kd7 67. h4 Rg1 68. Rb7+ Ke8 69. Rb8+ (69. h5 {feels hotter.} Re1+ 70. Kd5 Rd1+ 71. Ke4 Re1+ 72. Kd5) 69... Kd7 70. Rb7+ Ke8 71. Rb6 (71. h5 {is interesting.} Re1+ 72. Kd5 Rd1+ 73. Ke4 Re1+ 74. Kd5) 71... Re1+ 72. Kf5 Rf1+ 73. Ke5 Re1+ 74. Kf5 Rg1 75. Rb8+ Kd7 76. Rb7+ Ke8 77. Re7+ Kf8 78. Re4 (78. Rc7 {keeps more tension.} Rf1+ 79. Ke5 Re1+ 80. Kf5 Rf1+) 78... Rf1+ 79. Rf4 Rg1 80. Rf3 (80. Ke5 {is more complex.} Re1+ 81. Re4 Rf1 82. Rf4 Re1+) 80... Kg8 81. Ra3 Rf1+ 82. Ke5 Re1+ 83. Kf4 Kh7 84. Rg3 Rf1+ 85. Ke5 {And now Rg7+ would win.} Re1+ 86. Kd5 Rd1+ 87. Kc6 Rh1 88. Kd7 Rxh4 89. Ke7 Ra4 90. Rg7+ Kh8 91. Kxf7 h5 92. Rg5 {[%cal Rg5h5]} Ra7+ $2 {[%mdl 8192] [#]} (92... Rh4 $11) 93. Kg6 {White mates.} Kg8 94. Rb5 {[%cal Rb5b8]} Ra8 95. Rb7 Rc8 96. Rg7+ Kf8 97. Rh7 {Accuracy: White = 49%, Black = 64%.} 1-0

[Event "67th Warsaw-ch A 2018"]
[Site "Warsaw"]
[Date "2018.11.18"]
[Round "8"]
[White "Rozycki, Bartlomiej"]
[Black "Kowalski, Igor"]
[Result "1/2-1/2"]
[WhiteElo "2138"]
[BlackElo "2293"]
[Annotator "TA"]
[PlyCount "88"]
[EventDate "2018.11.12"]
[EventCountry "POL"]
[SourceTitle "playchess.com"]
[Source "ChessBase"]
[SourceQuality "1"]

{[%evp 26,88,35,3,67,-26,-22,-1,-2,-10,-24,-26,0,-79,-47,-36,0,0,0,0,0,0,3,14,25,0,0,0,7,-32,8,-14,0,-43,0,-30,-1,-27,-14,-18,-11,-16,0,0,0,0,15,0,18,19,26,27,29,29,29,24,31,8,10,0,11,16,8,0,30]} 1. e4 c6 2. d4 d5 3. Nc3 dxe4 4. Nxe4 Bf5 5. Ng3 Bg6 6. Nf3 e6 7. h4 h6 8. Ne5 Bh7 9. Bd3 Bxd3 10. Qxd3 Nf6 11. f4 Nbd7 12. Bd2 Qc7 {B19: Classical Caro-Kann: 4...Bf5 main line} 13. O-O-O Bd6 14. Rhe1 {[#] LiveBook: 8 Games} Rd8 $146 ({Black should play} 14... O-O $11) ({Predecessor:} 14... O-O 15. Ne4 Nxe4 16. Qxe4 f5 17. Qf3 Nf6 18. Qb3 Rfe8 19. Bb4 Bxb4 20. Qxb4 {0-1 (47) Fedorovsky,M (2498)-Nisipeanu,L (2687) Germany 2017}) 15. Qe2 (15. Nf5 $14 Bf8 16. Qh3) 15... O-O $11 16. Kb1 c5 17. c3 cxd4 18. cxd4 Rc8 19. Bc1 (19. f5 $11 {keeps the balance.}) 19... Nd5 20. Ne4 Be7 21. g4 $1 Nxe5 22. dxe5 Qc4 23. h5 Qxe2 (23... Rfd8 {feels hotter.} 24. g5 hxg5 25. fxg5 Nb4 26. Rxd8+ Bxd8 27. b3 Qxe2 28. Rxe2 Nd3) 24. Rxe2 Rc4 25. Bd2 Rd4 {Threatens to win with ...Nxf4!} 26. Rc1 Rd8 27. a3 Rd3 28. Rf2 Bh4 29. Rh2 Be7 (29... Bg3 $5 30. Nxg3 Rxg3 $15) 30. Rf2 f5 31. exf6 Nxf6 32. Nxf6+ Bxf6 33. Bb4 Rd1 34. Rg2 Rxc1+ 35. Kxc1 {[%mdl 4096] Endgame KRB-KRB} Rd5 36. Bd2 Rc5+ 37. Kb1 Rb5 38. Be3 Be7 39. Kc2 Bc5 40. Bd2 Bd6 41. Re2 Kf7 {The position is equal.} 42. Re4 Rd5 43. a4 a6 44. b3 b6 {Accuracy: White = 40%, Black = 40%.} 1/2-1/2

[Event "67th Warsaw-ch A 2018"]
[Site "Warsaw"]
[Date "2018.11.18"]
[Round "8"]
[White "Malec, Sebastian"]
[Black "Jarmula, Lukasz"]
[Result "0-1"]
[WhiteElo "2132"]
[BlackElo "2492"]
[Annotator "TA"]
[PlyCount "53"]
[EventDate "2018.11.12"]
[EventCountry "POL"]
[SourceTitle "playchess.com"]
[Source "ChessBase"]
[SourceQuality "1"]

{[%evp 13,53,3,21,0,13,-6,0,-3,-13,-6,0,-20,-27,-40,0,0,0,4,-3,-61,-59,-147,-141,-145,-152,-157,-158,-297,-230,-311,-314,-562,-558,-562,-561,-546,-549,-1179,-591,-612,-590,-598]} 1. e4 c5 2. Nf3 d6 3. d4 cxd4 4. Nxd4 Nf6 5. Nc3 Nc6 6. Bc4 e6 7. Be3 Be7 8. h3 {B89: Sicilian: Velimirovic Attack} (8. Qe2 a6 9. O-O-O Qc7 10. Bb3 O-O 11. g4 Nxd4 12. Rxd4 b5 13. g5 Nd7 14. Rg1 Re8 15. Rg3 Bb7 16. Rh3 g6 17. f4 Nc5 18. f5 Nxb3+ 19. axb3 exf5 20. Qf2 b4 21. Nd5 Bxd5 22. Rxd5 {1-0 (50) Aronian,L (2764)-Grischuk,A (2766) Leuven 2018}) 8... a6 9. a3 (9. O-O {keeps more tension.} O-O 10. Bb3 Qc7 11. a4 Na5 12. f4) 9... Nxd4 $146 ({Predecessor:} 9... Qc7 10. Be2 O-O 11. O-O Bd7 12. Qd2 Rac8 13. Rad1 Nxd4 14. Bxd4 d5 15. exd5 Nxd5 16. Nxd5 exd5 {1-0 (44) Bernal Parra,E (1409)-Manzano Gomez,V Cali 2015}) 10. Qxd4 {The position is equal.} b5 11. Bb3 Bb7 12. O-O-O O-O 13. f4 {[%cal Bf2f4,Bf4f5][%mdl 32]} Bc6 14. f5 e5 $36 {[%mdl 2048] White is under pressure.} 15. Qd3 a5 16. g4 (16. Bd5 $11 Nxd5 17. exd5) 16... b4 $15 17. g5 ({Better is} 17. Ba4 $15) 17... bxc3 $17 18. gxf6 cxb2+ 19. Kxb2 Bxf6 20. Qc4 (20. Ka2 $17) 20... Rc8 21. Rhg1 {[#]} a4 $1 {[%mdl 512]} 22. Bxa4 $2 (22. Ba2) 22... Be8 $19 {Black is clearly winning.} 23. Qa6 Ra8 ({Weaker is} 23... Qc7 24. Bb3 $11) (23... Bxa4 $2 24. Qxa4 Qc7 25. Ka2 $17) 24. Qxd6 Bxa4 25. Bh6 {White wants to play Bxg7!} Kh8 {[#] Strongly threatening ...Qc8.} 26. Qxd8 Rfxd8 27. Bd2 {Accuracy: White = 21%, Black = 69%.} 0-1

[Event "67th Warsaw-ch A 2018"]
[Site "Warsaw"]
[Date "2018.11.18"]
[Round "8"]
[White "Choroszej, Aleksander"]
[Black "Mickiewicz, Piotr"]
[Result "1/2-1/2"]
[WhiteElo "2055"]
[BlackElo "2243"]
[Annotator "RC"]
[PlyCount "205"]
[EventDate "2018.11.12"]
[EventCountry "POL"]
[SourceTitle "playchess.com"]
[Source "ChessBase"]
[SourceQuality "1"]

1. d4 Nf6 2. c4 d6 3. Nc3 Nbd7 4. e4 e5 5. Nf3 g6 6. Be2 Bg7 7. O-O O-O 8. Re1 c6 9. h3 exd4 10. Nxd4 Re8 11. Bf3 a5 12. b3 Qb6 13. Be3 Nc5 14. Nc2 Nfd7 15. Qd2 Qd8 16. Rad1 Qe7 17. Bd4 Ne5 18. Be2 Qh4 19. f4 Bh6 20. Be3 Ned7 21. Bf3 Ne6 22. Ne2 Nec5 23. Nc3 Bg7 24. Nd4 Qe7 25. Bf2 Qf8 26. Nde2 Re6 27. Nd4 Re8 28. Nde2 Ne6 29. g3 g5 30. f5 Ne5 31. Bg2 Nc5 32. Qxd6 Qxd6 33. Rxd6 Ncd3 34. Rd1 Nxf2 35. Kxf2 Bf8 36. Rd8 Bc5+ 37. Kf1 Kf8 38. Na4 Be3 39. Ng1 b5 40. cxb5 cxb5 41. Nc3 b4 42. Rxe8+ Kxe8 43. Nd5 Ba6+ 44. Ne2 Rc8 45. Nxe3 Rc3 46. Nd5 Rc2 47. Re1 Nd3 48. Rd1 Nc1 49. Bf3 Bxe2+ 50. Bxe2 Nxe2 51. Nf6+ Ke7 52. Nd5+ Kf8 53. Rd3 h5 54. f6 Kg8 55. e5 h4 56. gxh4 gxh4 57. Ne7+ Kh7 58. Nf5 Nf4 59. Rd4 Ng6 60. e6 Rc5 61. Nxh4 fxe6 62. f7 Nf8 63. Rg4 Rc1+ 64. Ke2 Rc7 65. Rg5 Rxf7 66. Rxa5 Rf4 67. Nf3 Kg7 68. Ke3 Rf7 69. Rb5 Ra7 70. Rxb4 Rxa2 71. h4 Kf6 72. Rf4+ Ke7 73. h5 Rb2 74. b4 Nd7 75. Rh4 Nf6 76. h6 Nh7 77. Ne5 Kf6 78. Nd3 Rb1 79. Rf4+ Kg5 80. Re4 Nf8 81. h7 Rh1 82. b5 Rxh7 83. b6 Rb7 84. Rb4 Nd7 85. Rb5+ Kf6 86. Nf2 Nxb6 87. Ne4+ Ke7 88. Ke2 Rb8 89. Nc5 Kd6 90. Na4 Nd7 91. Rxb8 Nxb8 92. Nb2 Nd7 93. Ke3 Nf8 94. Ke4 Nh7 95. Nc4+ Ke7 96. Ke5 Ng5 97. Ne3 Nf7+ 98. Ke4 Kd7 99. Ng2 e5 100. Kd5 Ke7 101. Ne3 Kf6 102. Ng4+ Kf5 103. Nxe5 1/2-1/2

[Event "67th Warsaw-ch A 2018"]
[Site "Warsaw"]
[Date "2018.11.19"]
[Round "9"]
[White "Jarmula, Lukasz"]
[Black "Heberla, Bartlomiej"]
[Result "1/2-1/2"]
[WhiteElo "2492"]
[BlackElo "2546"]
[Annotator "TA"]
[PlyCount "71"]
[EventDate "2018.11.12"]
[EventCountry "POL"]
[SourceTitle "playchess.com"]
[Source "ChessBase"]
[SourceQuality "1"]

{[%evp 22,71,18,17,25,8,29,-8,-7,-8,-14,-7,-18,-21,-10,-17,0,0,0,0,0,0,27,24,53,50,56,54,65,52,94,79,87,95,81,85,86,0,0,0,0,0,14,-61,-58,-65,0,0,0,-47,0,0]} 1. d4 d5 2. c4 e6 3. Nf3 Nf6 4. g3 Be7 5. Bg2 O-O 6. Nc3 c6 7. O-O b6 8. Qb3 Bb7 9. Bf4 Nbd7 10. Rfd1 {E07: Closed Catalan: Main Line (5 Nf3 0-0 6 0-0 Nbd7)} Nh5 11. Bd2 Nhf6 12. Rac1 {LiveBook: 19 Games} Re8 (12... h6 13. Ne1 c5 14. cxd5 cxd4 15. d6 Bxd6 16. Bxb7 {1-0 (73) Nakamura,H (2763)-Eljanov,P (2703) Douglas 2018}) 13. Ne1 $146 {[%cal Bf3e1,Be1d3,Bd3e5][%mdl 32]} ({Predecessor:} 13. Bg5 Rc8 14. cxd5 Nxd5 15. Bxe7 Qxe7 16. Nxd5 cxd5 17. e3 Ba6 18. Bf1 Bxf1 19. Kxf1 Nf6 20. Rc2 {½-½ (20) Jirovsky,M (2482)-Cech,P (2430) Czechia 2008}) 13... Rc8 14. e4 Nxe4 15. Nxe4 dxe4 16. Bxe4 Nf6 17. Bf3 Qxd4 18. Nd3 Rcd8 19. Bf4 Qd7 20. Ne5 Qc8 21. Qa4 c5 22. Rxd8 Rxd8 23. Qxa7 Bxf3 24. Qxe7 Bh5 25. f3 Re8 26. Qd6 Rd8 27. Qxb6 {Black must now prevent g4.} Nd7 28. Nxd7 Qxd7 {[#]} 29. Kf2 (29. Qxc5 Bxf3 30. b3 e5 $15) ({White should play} 29. Rf1 $1 $16) 29... Qd4+ $11 30. Be3 Qf6 31. Qb7 h6 32. a4 (32. Re1 $11) 32... Rd7 $1 $15 {[%cal Rd7b7][%mdl 1024] Black has compensation.} 33. Qa8+ Rd8 34. Qb7 Rd7 35. Qa8+ Rd8 36. Qb7 {Precision: White = 71%, Black = 65%.} 1/2-1/2